000
00192 a2200097 4500
001
48848
100
_a
Mason
245
_a
Air power
260
_a
Londan
_b
Brassey
_c
090
_c
31743
_d
31743
942
_a
NUST-CAE
_c
Gen
_c
24162
999
_c
283921
_d
283921